Architekturstile (Bilderquiz) - Statistiken

Allgemein
  • Dieses Quiz wurde 325 mal gespielt
  • Das Durchschnittsergebnis liegt bei 5 aus 16
Antwortstatistiken
Bildquiz Hint Antwort % Korrekt
12. - 15. Jhd Gotik
84%
10. - 13. Jhd Romanik
69%
ca. 1600 - 1760er Barock
68%
15/16 Jhd Renaissance
61%
1770er - 1840er Klassizismus
49%
1919 - 1933 Bauhaus
48%
1950er -1960er Brutalismus
45%
1890er - 1910er Jugendstil
27%
1910er - 1930er Art Deco
25%
1980er - Gegenwart Postmoderne
23%
4. - 15. Jhd Byzantinische Architektur
12%
1910er - 1920er De Stijl
10%
1930er - 1960er Sozialistischer Klassizismus
10%
1920er - 1950er Neue Sachlichkeit
5%
1830er - 1900er Viktorianische Architektur
4%
19. - 20. Jhd Eklektizismus
2%
Keine übereinstimmenden Quizze gefunden
Verteilung der Resultate
Anzahl Personen mit jedem Resultat
Perzentil nach korrekt beantworteten Fragen
Ihre Resultats-Entwicklung
Sie haben dieses Quiz noch nicht gespielt